[Event "Heart of Finland op 28th"]
[Site "Jyvaskyla"]
[Date "2018.07.20"]
[Round "7"]
[White "Vilppolainen, Markku"]
[Black "Narva, Mai"]
[Result "0-1"]
[WhiteElo "2041"]
[BlackElo "2329"]
[PlyCount "86"]
[EventDate "2018.07.16"]
[EventType "swiss"]
[EventRounds "9"]
[EventCountry "FIN"]
[SourceTitle "CBM 185 Extra"]
[Source "ChessBase"]
[SourceDate "2018.07.29"]
[SourceVersion "1"]
[SourceVersionDate "2018.07.29"]
[SourceQuality "1"]

1. e4 c5 2. d3 Nc6 3. g3 g6 4. Bg2 Bg7 5. f4 d6 6. Nf3 e6 7. 0-0 Nge7 8. c3 0-0 9. Na3 Rb8 10. Nc2 b5 11. a3 a5 12. Bd2 b4 13. axb4 axb4 14. Ne3 Qb6 15. Nc4 Qc7 16. Qe2 d5 17. Nce5 Na5 18. Be3 f6 19. Ng4 Nb3 20. Rad1 e5 21. h3 d4 22. cxd4 cxd4 23. Bc1 h5 24. Ngh2 Rb6 25. fxe5 fxe5 26. Bg5 Kh7 27. Rf2 Nc5 28. Qe1 Ne6 29. Bd2 Qd6 30. h4 b3 31. Rc1 Ba6 32. Bf1 Kg8 33. Be2 Nc6 34. Qf1 Rb7 35. Ra1 Nb4 36. Bxb4 Rxb4 37. Ra5 Rb5 38. Qa1 Rxa5 39. Qxa5 Nc5 40. Qa3 Bh6 41. Ng5 Rxf2 42. Kxf2 Bxg5 43. hxg5 Nxe4+ 0-1

[Event "Jyvaskyla Winter Weekend A"]
[Site "Jyvaskyla"]
[Date "2016.01.24"]
[Round "5"]
[White "Nevanlinna, Risto"]
[Black "Vilppolainen, Markku"]
[Result "1-0"]
[WhiteElo "2224"]
[BlackElo "1958"]
[PlyCount "127"]
[EventDate "2016.01.22"]
[EventType "swiss"]
[EventRounds "5"]
[EventCountry "FIN"]
[SourceTitle "EXT 2022"]
[Source "ChessBase"]
[SourceDate "2021.10.06"]
[SourceVersion "1"]
[SourceVersionDate "2021.10.06"]
[SourceQuality "1"]

1. d4 d6 2. e4 Nf6 3. Nc3 e5 4. Nf3 Nbd7 5. Bc4 Be7 6. 0-0 0-0 7. a4 a5 8. Re1 Nb6 9. Bb3 Nfd7 10. dxe5 dxe5 11. Be3 c6 12. Qe2 Qc7 13. Ng5 Bxg5 14. Bxg5 Nc5 15. Ba2 Be6 16. Qe3 Na6 17. Qg3 Kh8 18. Bxe6 fxe6 19. b3 h6 20. Be3 Nd7 21. Rad1 Rf6 22. Rd2 Raf8 23. Red1 R8f7 24. f3 Kh7 25. h4 Nab8 26. Qh3 Nf8 27. Bg5 Qb6+ 28. Kf1 Rg6 29. Bd8 Qa6+ 30. Kg1 h5 31. Kh1 Nbd7 32. Ne2 Nf6 33. Qh2 N8d7 34. c4 Qa7 35. Bxf6 Nxf6 36. Qxe5 Qf2 37. Qh2 Ng4 38. Nf4 Qxd2 39. Rxd2 Nxh2 40. Nxg6 Nxf3 41. gxf3 Kxg6 42. Kg2 e5 43. Rd8 Kf6 44. Ra8 g5 45. Rh8 Rg7 46. Rxh5 gxh4+ 47. Kf2 Ke6 48. Rh6+ Kd7 49. c5 Kc7 50. Rxh4 b6 51. Rh5 Re7 52. Ke3 bxc5 53. Kd3 Kb6 54. Kc4 Re8 55. Rf5 Re7 56. Rf8 Re6 57. Rf5 Re8 58. Kd3 Rd8+ 59. Ke3 Re8 60. f4 exf4+ 61. Kxf4 Rh8 62. e5 Rh4+ 63. Kg5 c4 64. Kxh4 1-0

[Event "Lappeenranta We LprSK"]
[Site "Lappeenranta"]
[Date "2015.06.14"]
[Round "4"]
[White "Vilppolainen, Markku"]
[Black "Nazarova, Anastasia"]
[Result "1-0"]
[WhiteElo "1977"]
[BlackElo "1923"]
[PlyCount "71"]
[EventDate "2015.06.13"]
[EventType "swiss"]
[EventRounds "5"]
[EventCountry "FIN"]
[SourceTitle "EXT 2022"]
[Source "ChessBase"]
[SourceDate "2021.10.06"]
[SourceVersion "1"]
[SourceVersionDate "2021.10.06"]
[SourceQuality "1"]

1. e4 c5 2. d3 g6 3. g3 Bg7 4. Bg2 Nc6 5. f4 d6 6. Nf3 e6 7. 0-0 Nge7 8. c3 0-0 9. Na3 Rb8 10. Nc2 b5 11. a3 a5 12. Bd2 b4 13. axb4 axb4 14. Ne3 bxc3 15. bxc3 d5 16. e5 d4 17. Nc4 dxc3 18. Bxc3 Nd5 19. Be1 f6 20. Bf2 fxe5 21. Nfxe5 Nxe5 22. fxe5 Qc7 23. Ra5 Rxf2 24. Rxf2 Bxe5 25. Nxe5 Qxe5 26. Qf3 Bb7 27. Ra7 Qg7 28. Bh3 Qe7 29. Rxb7 Rxb7 30. Bxe6+ Kg7 31. Qxd5 Rb1+ 32. Kg2 Qe8 33. Qe5+ Kh6 34. h4 Qa8+ 35. Bd5 Qa1 36. Qg5+ 1-0

[Event "Lappeenranta We LprSK"]
[Site "Lappeenranta"]
[Date "2015.06.13"]
[Round "2"]
[White "Vilppolainen, Markku"]
[Black "Peurala, Jussi"]
[Result "1-0"]
[WhiteElo "1977"]
[BlackElo "2021"]
[PlyCount "51"]
[EventDate "2015.06.13"]
[EventType "swiss"]
[EventRounds "5"]
[EventCountry "FIN"]
[SourceTitle "EXT 2022"]
[Source "ChessBase"]
[SourceDate "2021.10.06"]
[SourceVersion "1"]
[SourceVersionDate "2021.10.06"]
[SourceQuality "1"]

1. g3 Nf6 2. Bg2 d5 3. Nf3 g6 4. c4 c6 5. b3 Bg7 6. Bb2 dxc4 7. bxc4 Qb6 8. Qb3 Nbd7 9. d4 0-0 10. 0-0 Re8 11. Nc3 Nh5 12. e3 e5 13. Rfe1 Qc7 14. a4 a5 15. Ba3 exd4 16. exd4 Ndf6 17. d5 Bd7 18. d6 Qc8 19. Rxe8+ Nxe8 20. Re1 Bf8 21. Ne4 Nhf6 22. Nxf6+ Nxf6 23. Bb2 Bg7 24. Re7 b5 25. cxb5 cxb5 26. Qxf7+ 1-0

[Event "Heart of Finland op 24th"]
[Site "Jyvaskyla"]
[Date "2014.07.13"]
[Round "9"]
[White "Vilppolainen, Markku"]
[Black "Syvalahti, Timo"]
[Result "1/2-1/2"]
[WhiteElo "1973"]
[BlackElo "1815"]
[PlyCount "79"]
[EventDate "2014.07.07"]
[EventType "swiss"]
[EventRounds "9"]
[EventCountry "FIN"]
[SourceTitle "EXT 2019"]
[Source "ChessBase"]
[SourceDate "2018.10.10"]
[SourceVersion "1"]
[SourceVersionDate "2018.10.10"]
[SourceQuality "1"]

1. Nf3 Nf6 2. g3 b5 3. Bg2 Bb7 4. 0-0 e6 5. d3 d5 6. Nbd2 c5 7. e4 Be7 8. Re1 0-0 9. e5 Nfd7 10. Nf1 Nc6 11. h4 Qc7 12. Bf4 Rfc8 13. N1h2 Bf8 14. h5 a5 15. Bh3 a4 16. Qd2 a3 17. b3 d4 18. Qe2 Nb4 19. Ng5 Ra6 20. h6 g6 21. Ng4 c4 22. Rec1 Nd5 23. Bd2 Qc6 24. Kh2 Nc3 25. Bxc3 dxc3 26. Ne4 cxb3 27. cxb3 b4 28. Rc2 Qc7 29. f4 Rd8 30. Rd1 Kh8 31. Ng5 Kg8 32. Ne4 Raa8 33. Bg2 Kh8 34. Ng5 Kg8 35. Ne4 Kh8 36. Ng5 Kg8 37. Ne4 Kh8 38. Ng5 Nc5 39. d4 Bxg2 40. Kxg2 1/2-1/2

[Event "Lappeenranta We LprSK"]
[Site "Lappeenranta"]
[Date "2012.06.09"]
[Round "3"]
[White "Mynttinen, Henri"]
[Black "Vilppolainen, Markku"]
[Result "1/2-1/2"]
[WhiteElo "1937"]
[BlackElo "2048"]
[PlyCount "26"]
[EventDate "2012.06.08"]
[EventType "swiss"]
[EventRounds "5"]
[EventCountry "FIN"]
[SourceTitle "EXT 2022"]
[Source "ChessBase"]
[SourceDate "2021.10.06"]
[SourceVersion "1"]
[SourceVersionDate "2021.10.06"]
[SourceQuality "1"]

1. d4 d6 2. Nf3 g6 3. c4 Bg7 4. g3 Nd7 5. Bg2 e5 6. Nc3 Ne7 7. 0-0 0-0 8. e4 exd4 9. Nxd4 Nc6 10. Nxc6 bxc6 11. Qc2 h5 12. h3 h4 13. g4 Ne5 1/2-1/2

[Event "Lappeenranta We LprSK"]
[Site "Lappeenranta"]
[Date "2012.06.08"]
[Round "1"]
[White "Heino, Aimo"]
[Black "Vilppolainen, Markku"]
[Result "1/2-1/2"]
[WhiteElo "1767"]
[BlackElo "2048"]
[PlyCount "51"]
[EventDate "2012.06.08"]
[EventType "swiss"]
[EventRounds "5"]
[EventCountry "FIN"]
[SourceTitle "EXT 2022"]
[Source "ChessBase"]
[SourceDate "2021.10.06"]
[SourceVersion "1"]
[SourceVersionDate "2021.10.06"]
[SourceQuality "1"]

1. e4 e5 2. Nf3 Nc6 3. Bb5 a6 4. Ba4 d6 5. 0-0 Bd7 6. c3 g6 7. d4 Bg7 8. Re1 b5 9. Bc2 Nf6 10. Nbd2 0-0 11. Nf1 Re8 12. Ng3 Qc8 13. dxe5 Nxe5 14. Nxe5 dxe5 15. h3 h5 16. Bd2 a5 17. Qf3 Ra6 18. Rad1 a4 19. Bg5 Nh7 20. Bc1 Nf8 21. Re2 Be6 22. Bb1 Nd7 23. Be3 Nb6 24. Bc1 Nc4 25. Ree1 Bd7 26. Nf1 1/2-1/2